| 000 | 01573nam a22004217a 4500 | ||
|---|---|---|---|
| 001 | 0045614 | ||
| 003 | KOHA_MİRAKIL | ||
| 005 | 20260207003451.0 | ||
| 007 | ta | ||
| 008 | 140205b2012 tu |||gr||||#||||0|xxx | | ||
| 020 | _a9789751736574 | ||
| 040 |
_aTR-BiSEU _btur _cTR-BiSEU _erda |
||
| 041 | 0 | _axxx | |
| 044 | _ctu | ||
| 050 |
_aR126 _b.P43 2013 |
||
| 100 | 1 | _aPedanius Dioscorides, m. 40-90 civ. | |
| 240 | 1 | 0 |
_aDe Materia Medica _l |
| 245 | 1 |
_aKitabü'l-Haşaiş Fi't-Tıb = _bDe Materia Medica/ _cm. 40-90 civ Pedanius Dioscorides ; Pedanius Dioscorides : Yayına hazırlayan Abdülkadir Coşkun, Yasin Coşkun.. |
|
| 246 | _aİnceleme-Tıpkıbasım | ||
| 250 | _a64,31 | ||
| 264 | 1 |
_aİstanbul : _bTürkiye Yazma Eserler Kurumu Başkanlığı _c2012 |
|
| 300 |
_a37, 374 sayfa ; _c35 cm. |
||
| 336 |
_ametin _btxt _2rdacontent |
||
| 337 |
_aaracısız _bn _2rdamedia |
||
| 338 |
_acilt _bnc _2rdacarrier |
||
| 490 | 1 |
_aTürkiye Yazma Eserler Kurumu Başkanlığı yayınları ; _v8. |
|
| 490 | 1 |
_aTıpkıbasım serisi ; _v6 |
|
| 500 | _aArapça çevirisi: İstefan B. Basil'in (9. yy.) çevirisi, Huneyn b. İshak'ın (ö. 873) | ||
| 500 | _aArşiv kayıt: Süleymaniye Yazma Eser Kütüphanesi, Ayasofya Koleksiyonu, No.3702 | ||
| 650 | 0 |
_aBitkibilim. _984040 |
|
| 650 | 0 |
_aFarmakoloji. _946296 |
|
| 650 | 0 |
_aTıb. _984041 |
|
| 650 | 0 |
_aTıp. _933803 |
|
| 650 | 0 |
_aStephanos. _984042 |
|
| 830 | 1 |
_aTürkiye Yazma Eserler Kurumu Başkanlığı yayınları ; _v8. _984004 |
|
| 830 | 1 |
_aTıpkıbasım serisi ; _v6 _984016 |
|
| 856 | 4 | 0 | _uhttp://www.ekitap.yek.gov.tr/Home/Show2?BOOK_NO=8 |
| 942 |
_2lcc _cBK |
||
| 999 |
_c45583 _d45583 |
||